| 000 | 00596cam a22002171 4500 | ||
|---|---|---|---|
| 001 | sa 64007651 | ||
| 003 | DLC | ||
| 005 | 20260227112048.0 | ||
| 008 | 840608s1963 ii f000 0 eng | ||
| 010 | _asa 64007651 | ||
| 035 | _a(OCoLC)21657340 | ||
| 040 |
_aDLC _cCU _dDLC |
||
| 042 | _apremarc | ||
| 043 | _aa-ii--- | ||
| 050 | 0 | 0 |
_aHD5067 _b.A52 |
| 110 | 1 |
_aIndia. _bLabour Bureau |
|
| 245 | 1 | 0 | _aOccupational wage survey, wage survey, general report, 1958-59. |
| 260 |
_a[Delhi, _bManager of Publications Civil Lines, _c1963] |
||
| 300 |
_ax, 232 p. _c24 cm. |
||
| 650 | 0 |
_aWages _zIndia |
|
| 999 |
_c60394 _d60394 |
||